MIDWIFERY CARE BOOK (Record no. 8188)

MARC details
000 -LEADER
fixed length control field 00283nam a22001337a 4500
003 - CONTROL NUMBER IDENTIFIER
control field SGT
082 ## - DEWEY DECIMAL CLASSIFICATION NUMBER
Classification number 610.7367
Item number M11V
100 ## - MAIN ENTRY--PERSONAL NAME
Personal name VERMA, G.K.
245 ## - TITLE STATEMENT
Title MIDWIFERY CARE BOOK
250 ## - EDITION STATEMENT
Edition statement 1ST
260 ## - PUBLICATION, DISTRIBUTION, ETC. (IMPRINT)
Place of publication, distribution, etc JALANDHAR , INDIA
Name of publisher, distributor, etc LOOTUS PUB.
Year of Publication 2011
300 ## - PAGE DESCRIPTION
No. of Pages 458
942 ## - ADDED ENTRY ELEMENTS (KOHA)
Source of classification or shelving scheme Dewey Decimal Classification
Koha item type Books
Holdings
Withdrawn status Lost status Source of classification or shelving scheme Damaged status Not for loan Collection code Home library Current library Shelving location Date acquired SGTU Total Checkouts Full call number Accession No. (Barcode) Date last seen Bill Date Koha item type
    Dewey Decimal Classification     NURSING SGT Medical Library SGT Medical Library Text Book 23/12/2015 SGTU   610.7367 M11V FN3001 23/12/2015 23/12/2015 Books